000 00751aam a2200289 4500
005 20260427144656.0
008 150805b1992 xxu||||| |||| 00| 0 spa d
020 _a0723418845
041 _aESP
082 _a617.692 D247a
100 _aDavenport , John
100 _aBasker, Robin
100 _aHeath, John
100 _aRalph, James
245 _aAtlas en color de prótesis parcial removible
260 _aEstados Unidos
260 _bMosby-Year Book-Wolge Publishing
260 _c1992
300 _a199 páginas
300 _bIlustraciones a color
490 _aMecánica Dental
650 _aPRÓTESIS DENTAL
650 _aPRÓTESIS PARCIAL REMOVIBLE
650 _aPROSTODONCIA
650 _aPERIODONCIA
942 _cBK
_2ddc
999 _c523
_d523